Auditora̕ financiera de PYMES

Detalles Bibliográficos
Autor principal: Mantilla Blanco, Samuel Alberto
Formato: eBook
Lenguaje:español
Publicado: Bogot:̀ ECOE, 2014
Materias:
Acceso en línea:Acceso restringido

MARC

LEADER 00000nam a22000007a 4500
005 20220523231141.0
007 cr|||| ||||
008 220523s2014 co |||||s|||| 00||0 spa d
020 |a 9789587714005 
035 |a 35823 
040 |a vLex 
090 |c 13390  |d 13390 
100 1 |a Mantilla Blanco, Samuel Alberto 
245 1 0 |a Auditora̕ financiera de PYMES  |h [Recurso electrn̤ico] /  |c Samuel Alberto Mantilla Blanco 
256 |a Servicio en ln̕ea 
260 |a Bogot:̀  |b ECOE,  |c 2014 
300 |a 1 recurso electrn̤ico 
506 1 |a Disponible solo en los productos indicados  |d vLex Global  |d vLex Global (Academic Edition, excluding Law Schools)  |d vLex Global (U.S. Academic Edition, Law Schools)  |d vLex Global (U.S. Academic Edition, excluding Law Schools)  |d vLex Global (Academic Edition, Law Schools) 
650 0 4 |a Financiero  |z Colombia 
650 0 4 |a Derecho Mercantil y de la Empresa  |z Colombia 
740 0 |a vLex Libros (Servicio en ln̕ea) 
856 4 0 |u https://app.vlex.com/#/sources/35823  |z Acceso restringido 
942 |c BOOK 
999 0 |a Financial 
999 0 |a Commercial and Company Law